Statistics for Easy football quiz that will drive you crazy

Click here to take the quiz!

General Stats

  • This quiz has been taken 17 times
  • The average score is 4 of 10

Answer Stats

HintAnswer% Correct
Current italian goalkeeperDonnarumma
73%
The only hungarian playing for LiverpoolSzoboszlai
67%
Best georgian playerKvaratskhelia
60%
Current Juventus goalkeeperSzczesny
53%
The other BorussiaMonchengladbach
40%
Retired dutch footballer, Giovannivan Bronckhorst
40%
French Real Madrid midfielder, arrived from MonacoTchouameni
33%
Manchester United midfielder, AaronWan-Bissaka
33%
Legendary Bayern Munich midfielder, won 2 Ballon d'Or; in 1980 and 1981Rummenigge
27%
Polish midfielder who spent most of his carrer in Borussia DortmundBlaszczykowski
13%

Score Distribution

Percentile by Number Answered

Percent of People with Each Score

Your Score History

You have not taken this quiz